Na dvore

Bibliographic Details
Other Authors: Lockerová, Jiřina, 1957- (Illustrator)
Format: Book
Language:Slovak
Czech
PhysicalDescription:[16] s. ilustr. 10 x 11 cm
Published: Bratislava Fragment 2009
ISBN:9788080892340 (viaz.)
Edition:1. vyd.
Subjects:

MARC

LEADER 00000nam a2200000 a 4500
001 vtls009527780
003 SK-MaSNL
005 20260331204651.0
008 090619s2009 xo a a 000 0 slo
015 |a SNBA2009/06-02715 
020 |a 9788080892340 (viaz.) 
040 |a SNK  |b slo  |c SNK  |e AACR2 
041 1 |a slo  |h cze 
044 |a xo  |c SK 
072 7 |a 821-93  |x Literatúra pre deti a mládež  |2 konspekt 
080 |a 821-93  |2 2001 
080 |a (0.025.2)  |2 2001 
100 1 |a Lockerová, Jiřina,  |d 1957-  |4 ill  |9 86066 
245 1 0 |a Na dvore  |c Jiřina Lockerová 
250 |a 1. vyd. 
260 |a Bratislava  |b Fragment  |c 2009 
300 |a [16] s.  |b ilustr.  |c 10 x 11 cm 
655 7 |a publikácie pre deti  |2 SNKPH  |9 70148 
655 7 |a leporelá  |2 SNKPH  |9 60414 
919 |a 978-80-8089-234-0 
958 |a DB 
968 |d 0 
999 |c 744237  |d 746167 
952 |a SNK  |b SNK  |y PREZ  |7 0  |p 17A0630322  |o snkOSE 4490 D1  |i snk2009/15753  |8 0  |0 0  |1 0  |4 0  |d 2009-09-03  |l 0  |r 2026-02-23 23:11:32  |w 2026-02-23 
952 |a SNK  |b SNK  |y PREZ  |7 0  |p 17A0624210  |o snkOSE 4490  |i snk2009/11278  |8 0  |0 0  |1 0  |4 0  |d 2009-06-19  |l 0  |r 2026-02-23 23:11:32  |w 2026-02-23